| 000 | 00609nam a2200193Ia 4500 | ||
|---|---|---|---|
| 003 | GCL | ||
| 008 | 140319s9999 xx 000 0 ara d | ||
| 040 |
_aGCL / _cGCL |
||
| 082 | 0 | 4 |
_a923.6 _bس م |
| 100 | 1 | _aالسيد تقى الدين | |
| 245 | 1 | 0 |
_aمحمد عبده اديبا وناقدا / _cالسيد تقى الدين |
| 260 |
_a[S.N] : _bنهضة مصر للطباعة والنشر والتوزيع ، _c1989 |
||
| 300 | _a406 ص | ||
| 490 | _a | ||
| 650 | 0 | 4 | _aالادب العربى |
| 650 | 0 | 4 | _aالادباء العرب |
| 650 | 0 | 4 | _aمحمد عبده (الامام) |
| 942 |
_2ddc _cBK |
||
| 999 |
_c31486 _d31486 |
||